Bilecik Bilecik Bilecik Bilecik Bilecik

Etnik sosyoloji/ (Record no. 3211)

MARC details
000 -BAŞLIK
Sabit Uzunluktaki Kontrol Alanı 01544nam a22003737a 4500
001 - KONTROL NUMARASI
Control Dosyası 0003227
003 - KONTROL NUMARASI KİMLİĞİ
Kontrol Alanı KOHA_MİRAKIL
005 - EN SON İŞLEM TARİHİ ve ZAMANI
Kontrol Alanı 20260207001331.0
007 - FİZİKSEL TANIM SABİT ALAN - GENEL BİLGİ
Sabit uzunluklu kontrol alanı ta
008 - SABİT UZUNLUKTAKİ VERİ ÖGELERİ - GENEL BİLGİ
Sabit Alan 090323b1999 tu |||gr||||#0|||0|tur |
020 ## - ISBN - ULUSLARARASI STANDART KİTAP NUMARASI
Isbn 9753622384
040 ## - KATALOGLAMA KAYNAĞI
Özgün Kataloglama Kurumu TR-BiSEU
Kataloglama Dili tur
Çeviri Kurumu TR-BiSEU
Açıklama Kuralları rda
041 0# - DİL KODU
Metin ya da ses kaydının dil kodu tur
044 ## - YAYINLAYAN/ÜRETEN KURULUŞUN ÜLKE KODU
ISO country code tu
050 ## - SINIFLAMA ve YER NUMARASI
Sınıflama Numarası DR434
Yer Numarası .T87 1999
100 1# - KİŞİ ADI
Yazar Adı (Kişi adı) Türkdoğan, Orhan.
245 1# - ESER ADI BİLDİRİMİ
Başlık Etnik sosyoloji/
Sorumluluk Bildirimi Orhan Türkdoğan ; Orhan Türkdoğan.
264 #1 - ÜRERİM, YAYIN, DAĞITIM ve TELİF BİLDİRİMİ
Yayın yeri İstanbul :
Yayınlayan Timaş Yayınları
Yayın tarihi 1999
300 ## - FİZİKSEL TANIMLAMA
Sayfa, Cilt vb. 615 sayfa
336 ## - İÇERİK TÜRÜ
Content type term metin
Content type code txt
Source rdacontent
337 ## - MEDYA TÜRÜ
Media type term aracısız
Media type code n
Source rdamedia
338 ## - TAŞIYICI TÜRÜ
Carrier type term cilt
Carrier type code nc
Source rdacarrier
490 1# - DİZİ BİLDİRİMİ
Dizi Bildirimi Timaş yayınları ;
Cilt Numarası 348.
490 1# - DİZİ BİLDİRİMİ
Dizi Bildirimi Türkiye gerçeği dizisi ;
Cilt Numarası 11.
500 ## - GENEL NOT
Genel Not Kaynakça ve dizin var.
505 ## - İÇİNDEKİLER NOTU
İçindekiler Notu Etnik Sosyoloji, "Hepimiz musiki notaları gibi birbirimizden farklı olsak bile yine birbirimiz için değil miyiz" düşüncesinden hareket ederek, bu aziz topraklar üzerinde yaşayan herkesi kucaklayan bir felsefeyi temsil etmekte. Zengin bir etnik mozaiğe sahip olan ülkemizde, geniş içeriğiyle bir ilk olan bu eser. Etnik Sosyoloji'nin kapsamını, amaç ve hedeflerini belirli sınırlar içinde ortaya koyan değerli ve ayrıcalıklı bir çalışmadır.
650 #0 - KONU BAŞLIĞI EK GİRİŞ - KONU TERİMİ
Konusal terim veya coğrafi ad Etnoloji--Türkiye.
9 (RLIN) 8076
650 #0 - KONU BAŞLIĞI EK GİRİŞ - KONU TERİMİ
Konusal terim veya coğrafi ad Etnik Gruplar.
9 (RLIN) 8077
650 #0 - KONU BAŞLIĞI EK GİRİŞ - KONU TERİMİ
Konusal terim veya coğrafi ad Etnik kimlik--Türkiye.
9 (RLIN) 8078
830 1# - SERİ EK GİRİŞİ - TEKBİÇİM ESER ADI
Tekbiçim Başlık Timaş yayınları ;
Volume number/sequential designation 348.
9 (RLIN) 8079
830 1# - SERİ EK GİRİŞİ - TEKBİÇİM ESER ADI
Tekbiçim Başlık Türkiye gerçeği dizisi ;
Volume number/sequential designation 11.
9 (RLIN) 8080
907 ## - LOCAL DATA ELEMENT G, LDG (RLIN)
a Tarih
942 ## - EK GİRİŞ ÖGELERİ (KOHA)
Source of classification or shelving scheme Library of Congress Classification
Koha item type Book
Holdings
Materyal Türü Kalıcı Konum Mevcut Konum Raf Yeri Sınıflandırma Kaynağı Edinim Bilgisi Ana Konular Alt Konular Yer Numarası Demirbaş Numarası Fatura Tarihi Maliyet, Alış Fiyatı Maliyet, Yenileme Fiyatı Geri Çekilme Durumu Kayıp Durumu Hasarlı Durumu Kredi için değil Kayıt Tarih Toplam Ödünçverme Son Görülme Tarihi Son Kontrol Tarihi Genel / Bağış Notu
Book Prof. Dr. Azmi Özcan Kütüphanesi Prof. Dr. Azmi Özcan Kütüphanesi Uluğbey Salonu Library of Congress Classification Bağış DÜNYA TARİHİ (AVRUPA, ASYA, AFRİKA VB.) Balkan Yarımadası DR434 .T87 1999 0003227 13/08/2010 4.00 4.00         23/03/2009 8 05/12/2024 05/12/2024 İİBF